Polski alfabet w 15 sekund. - Statystyki

Ogólne statystyki
  • Ten quiz został rozwiązany 437 razy
  • Średni wynik to 21 z 34
Statystyki odpowiedzi
Odpowiedź % Poprawnych
a
90%
ą
90%
d
80%
b
79%
c
79%
ć
79%
e
78%
ę
78%
h
71%
j
71%
f
70%
g
70%
i
70%
k
68%
l
68%
ł
68%
o
63%
ó
63%
p
62%
s
60%
ś
60%
n
59%
ń
59%
m
58%
r
55%
t
54%
u
53%
w
51%
z
38%
ź
38%
ż
38%
y
37%
x
28%
v
18%
Nie znaleziono quizów pasujących do podanych kryteriów
Rozkład punktacji
Procent ludzi z każdym wynikiem
Percentyl według liczby udzielonych odpowiedzi
Twoja historia wyników
Nie rozwiązałeś tego quizu